| 000 | 00000nam##2200000za#4500 |
| 001 | 9.681207 |
| 003 | CaOODSP |
| 005 | 20200923134522 |
| 007 | ta |
| 008 | 150407|2000||||xxc||||| f|0| 0 fre|d |
| 020 | |a0-662-84926-4 |
| 040 | |aCaOODSP|bfre |
| 043 | |an-cn--- |
| 086 | 1 |aNS1-2/2000F |
| 110 | 2 |aConseil de recherches en sciences naturelles et en génie du Canada. |
| 245 | 10|aCRSNG Guide du chercheur, 2000 |
| 260 | |aOttawa - Ontario : |bConseil de recherches en sciences naturelles et en génie |c2000. |
| 300 | |avii, 93p. ; |c28 cm. |
| 563 | |aCouverture souple |
| 590 | |a01-16|b2001-04-20 |
| 691 | 07|aRécompense|2gcpds |
| 691 | 07|aSubvention de recherche|2gcpds |
| 691 | 07|aSciences naturelles|2gcpds |
| 691 | 07|aIngénierie|2gcpds |
| 775 | 08|tNSERC researcher's guide, 2000 |w(CaOODSP)9.647827 |